000 002840000a22001330004500
003 MACL
040 _aMACL
090 _c8238
_d8237
100 _aPruthi, Dr, R K
245 _aNGOs, Civil Society and Global future
260 _bRaj Publications
_c2008
350 _a825
942 _cBOOK
999 _c8188
_d8188